| 000 | 01243nam0a22002771 4500 | ||
|---|---|---|---|
| 001 | rc\4688800 | ||
| 005 | 20250612153341.0 | ||
| 021 |
_aRU _b[68-41324] |
||
| 035 | _a(NLR Aleph) 008712247 | ||
| 090 |
_a9365660 _c9365660 |
||
| 100 | _a20130416d1968 |||y0rusy50 ca | ||
| 101 | 0 | _arus | |
| 102 | _aRU | ||
| 105 | _aa z ||||| | ||
| 200 | 1 |
_aПрактикум по полупроводникам и полупроводниковым приборам _e[Для вузов по специальностям полупроводниковой техники] _fПод ред. проф. д-ра физ.-мат. наук К.В. Шалимовой |
|
| 210 |
_aМосква _cВысш. школа _d1968 |
||
| 215 |
_a464 с. _cил. _d22 |
||
| 320 | _aБиблиогр. в конце глав и разделов | ||
| 606 |
_aПолупроводники _jПрактические работы учащихся _2psbo |
||
| 606 |
_aПолупроводниковые приборы _jПрактические работы учащихся _2psbo |
||
| 702 | 1 |
_aШалимова _bК.В. _gКлавдия Васильевна _4340 |
|
| 801 | 0 |
_aRU _bNLR _gpsbo |
|
| 801 | 1 |
_aRU _bELAR _2rusmarc |
|
| 852 |
_aNLR _j68-5/2712 |
||
| 942 | _cBOOK | ||
| 980 | _aNB | ||